000 00832nam a2200217 a 4500
008 120416s1989 ||||||||||||||||| || u
020 _a0728201267
050 _aHD 1387 Bri
100 _aDavies, Keith
245 1 0 _aModern methods of valuation of land, houses and buildings
250 _a8th ed.
260 _aLondon
_bEstates Gazette
_c1989
300 _axviii, 750p. : ill.
350 _a0.00
650 _aLAND
650 _aLAND VALUATION
700 _aJohnson, Tony
700 _aBritton, William
995 _aBINDERY (DAMAGED)
_D0.00
_e725822
_FCBU-MAIN LIBRARY (Kitwe)
_H2
_I29000.00
_jHD 1387 Bri
_M2
_UDAMAGED
_y018033
_ZMain Library Open Access Collection
995 _aMAIN LIBRARY OPEN ACCESS
_D0.00
_e725821
_FCBU-MAIN LIBRARY (Kitwe)
_H1
_I29000.00
_jHD 1387 Bri
_M1
_UAVAILABLE
_y017795
_ZMain Library Open Access Collection
999 _c77591
_d77591